Remote Sensing for Geoscientists.Image Analysis and Integration

Manylion Llyfryddiaeth
Prif Awdur: Prost G. L. Gary L.
Crynodeb:This third edition of the bestselling Remote Sensing for Geologists: A Guide to Image Interpretation is now titled Remote Sensing for Geoscientists: Image Analysis and Integration. The title change reflects that this edition applies to a broad spectrum of geosciences, not just geology; stresses that remote sensing has become more than photo interpretation; and emphasizes integration of multiple remote sensing technologies to solve Earth science problems. This text reviews systems and applications, explains what to look for when analyzing imagery, and provides abundant case histories to illustrate the integration and application of these tools.
Iaith:Saesneg
Cyhoeddwyd: Boca Raton, Taylor & Francis, 2014
Rhifyn:3rd ed.
Cyfres:Library of Congress Cataloging-in-Publication Data
Pynciau:
Fformat: Llyfr
KOHA link:https://koha.lib.tpu.ru/cgi-bin/koha/opac-detail.pl?biblionumber=255184

MARC

LEADER 00000nam0a2200000 4500
001 255184
005 20251001155911.0
010 |a 9781466561748 
035 |a (RuTPU)RU\TPU\book\277688 
090 |a 255184 
100 |a 20140326d2014 k y0engy50 ba 
101 0 |a eng 
102 |a US 
105 |a a z 001zy 
200 1 |a Remote Sensing for Geoscientists.Image Analysis and Integration  |f G. L. Prost 
205 |a 3rd ed. 
210 |a Boca Raton  |c Taylor & Francis  |c CRC Press  |d 2014 
215 |a 674 p.  |c il. 
225 1 |a Library of Congress Cataloging-in-Publication Data 
320 |a Index: p. 623-674. 
330 |a This third edition of the bestselling Remote Sensing for Geologists: A Guide to Image Interpretation is now titled Remote Sensing for Geoscientists: Image Analysis and Integration. The title change reflects that this edition applies to a broad spectrum of geosciences, not just geology; stresses that remote sensing has become more than photo interpretation; and emphasizes integration of multiple remote sensing technologies to solve Earth science problems. This text reviews systems and applications, explains what to look for when analyzing imagery, and provides abundant case histories to illustrate the integration and application of these tools. 
606 1 |a Геологические исследования  |x Дистанционные методы  |2 stltpush  |3 (RuTPU)RU\TPU\subj\70226  |9 84636 
610 1 |a геология 
610 1 |a геологические исследования 
610 1 |a дистанционное зондирование 
610 1 |a применение 
610 1 |a технология 
610 1 |a изображения 
610 1 |a анализ 
610 1 |a английский язык 
675 |a 550.814  |v 3 
700 1 |a Prost  |b G. L.  |g Gary L. 
801 1 |a RU  |b 63413507  |c 20140326 
801 2 |a RU  |b 63413507  |c 20141215  |g RCR 
942 |c BK